Normal view
MARC view
Entry Personal Name
001 - CONTROL NUMBER
- control field: 1168262
003 - CONTROL NUMBER IDENTIFIER
- control field: OSt
005 - DATE AND TIME OF LATEST TRANSACTION
- control field: 20260324122911.0
008 - FIXED-LENGTH DATA ELEMENTS
- fixed length control field: 260324|| aca||aabn | a|a d
040 ## - CATALOGING SOURCE
- Original cataloging agency: OSt
- Transcribing agency: OSt
100 ## - HEADING--PERSONAL NAME
- Personal name: Isabelle Boutron; David Moher; Philippe Ravaud
670 ## - SOURCE DATA FOUND
- Source citation: Work cat.: (OSt)1761332: Isabelle Boutron; David Moher; Philippe Ravaud, Randomized Clinical Trials of Nonpharmacological Treatments
